[Event "New York"]
[Site "New York"]
[Date "1983.??.??"]
[Round "10"]
[White "Bisguier, Arthur Bernard"]
[Black "Burger, Karl"]
[Result "1/2-1/2"]
[WhiteElo "2430"]
[BlackElo "2360"]

1.d4 Nf6 2.c4 e6 3.Nf3 Bb4+ 4.Nbd2 c5 5.dxc5 O-O 6.e3 Bxc5 7.a3 b6 8.Bd3 Be7
9.b3 d6 10.Bb2 Nbd7 11.b4 Bb7 12.O-O a6 13.Qe2 Qc7 14.e4 Rfd8 15.Nd4 Ne5
16.Bb1 Rac8 17.Ba2 Nc6 18.Nc2 b5 19.cxb5 axb5 20.Ne3 Qb6 21.Kh1 Nb8 22.f3 Nbd7
23.Nb3 Ba6 24.Bd4 Qb8 25.Na5 Qa8 26.Rac1 Rxc1 27.Rxc1 Rc8 28.Qb2 Bd8 29.Qd2 Ne8
30.Kg1 Bb6 31.Bxb6 Nxb6 32.Bb3 Kf8 33.Rc3 Nd7 34.Ng4 Qa7+ 35.Kf1 Rxc3 36.Qxc3 Qc7
37.Qxc7 Nxc7 38.Ke2 Ke8 39.Ke3 Nb8 40.Kd4 Kd7 41.f4 Nc6+ 42.Nxc6 Kxc6 43.e5 Kd7
44.Bc2 Bb7 45.g3 h6 46.Bd3 Bc6 47.h4 Ke7 48.exd6+ Kxd6 49.Ne5 Be8 50.Be4 f6
51.Nf3  1/2-1/2

[Event "ARG-ch U26"]
[Site "Pehuaj"]
[Date "1983.??.??"]
[Round "?"]
[White "Soppe, Guillermo"]
[Black "Panzeri, Claudio"]
[Result "1/2-1/2"]
[WhiteElo "2025"]
[BlackElo "2305"]

1.d4 Nf6 2.c4 e6 3.Nf3 Bb4+ 4.Nbd2 O-O 5.e3 b6 6.Bd3 Bb7 7.O-O Bxd2 8.Nxd2 d6
9.b3 Qe7 10.e4 e5 11.d5 Bc8 12.Re1 Nbd7 13.Nf1 Nc5 14.Bc2 a5 15.a3 Bd7 16.Bd2 Ra7
17.h3 Rfa8 18.Qf3 Ne8 19.g4 g6 20.Qg3 Ng7 21.f4 exf4 22.Qxf4 f6 23.Bc3 Rf8
24.b4 Nb7 25.Nd2 Ne8 26.Rf1 axb4 27.axb4 Rxa1 28.Bxa1 Nd8 29.Kg2 Nf7 30.Bxf6 Nxf6
31.Qxf6 Qxf6 32.Rxf6 Ra8 33.Rf3 Ra2 34.Rc3 Ba4 35.Bxa4 Rxd2+ 36.Kg3 Ne5 37.c5 Rd3+
38.Rxd3 Nxd3  1/2-1/2

[Event "BCF-ch"]
[Site "Southport"]
[Date "1983.??.??"]
[Round "10"]
[White "Bradbury, Neil H"]
[Black "Jacobs, Byron A"]
[Result "1-0"]
[WhiteElo "2295"]
[BlackElo "2255"]

1.d4 Nf6 2.c4 e6 3.Nf3 Bb4+ 4.Nbd2 O-O 5.a3 Bxd2+ 6.Nxd2 b6 7.e4 d5 8.e5 Ne4
9.Nxe4 dxe4 10.Be3 Qe7 11.Qg4 Nd7 12.Qxe4 Rb8 13.Bd3 f5 14.exf6 Nxf6 15.Qh4 h6
16.O-O Bb7 17.Rfe1 Qf7 18.Rad1 Rbd8 19.f3 c5 20.Bc2 cxd4 21.Bxd4 Nd7 22.Bc3 Rc8
23.Qg4 Nc5 24.b4 h5 25.Qg5 Na6 26.Bg6 Qf4 27.Bh7+  1-0

[Event "URS-FL"]
[Site "Tallinn"]
[Date "1983.??.??"]
[Round "?"]
[White "Kharitonov, Andrei Y"]
[Black "Guseinov, Aidyn"]
[Result "1-0"]
[WhiteElo "2440"]
[BlackElo "2200"]

1.d4 Nf6 2.Nf3 e6 3.c4 Bb4+ 4.Nbd2 d5 5.Qa4+ Nc6 6.e3 O-O 7.a3 Bxd2+ 8.Bxd2 Ne4
9.Qc2 Nxd2 10.Qxd2 b6 11.cxd5 exd5 12.Qc2 Ne7 13.Bd3 h6 14.O-O Qd6 15.Rfc1 c6
16.b4 Bd7 17.Rab1 Rfc8 18.a4 g6 19.Qc3 Bf5 20.Bxf5 Nxf5 21.Ne5 Ne7 22.Rc2 Rc7
23.Nd3 Nf5 24.Rbc1 Rac8 25.h3 Qe7 26.Ne5 Qe8 27.Qb3 Qe6 28.Qb2 Kh7 29.Rc3 f6
30.Nd3 Nd6 31.b5 c5 32.dxc5 Ne4 33.c6 Nxc3 34.Qxc3 g5 35.Nb4 Rd8 36.Rd1 Kg7
37.Rd4 Qe5 38.Qd3 Rcc8 39.Nxd5 f5 40.f4 gxf4 41.exf4 Qe1+ 42.Kh2 Qf2 43.Qc3 Kf7
44.Rd2  1-0

[Event "Tbilisi"]
[Site "Tbilisi"]
[Date "1983.??.??"]
[Round "?"]
[White "Gavrikov, Viktor"]
[Black "Mnatsakanian, Eduard A"]
[Result "1-0"]
[WhiteElo "2485"]
[BlackElo "2435"]

1.d4 Nf6 2.c4 e6 3.Nf3 Bb4+ 4.Nbd2 Ne4 5.e3 f5 6.Bd3 b6 7.a3 Bxd2+ 8.Nxd2 Nxd2
9.Bxd2 O-O 10.O-O Bb7 11.f3 d6 12.b4 Nd7 13.Qc2 Qh4 14.Rae1 Rf6 15.Re2 Qh5
16.Qa4 Nf8 17.c5 dxc5 18.bxc5 c6 19.Qb3 b5 20.Be1 f4 21.exf4 Rxf4 22.Be4 Rd8
23.Bg3 Rf6 24.Bd6 Qf7 25.Rfe1 Ng6 26.a4 a6 27.axb5 axb5 28.Ra2 Ra8 29.Rxa8+ Bxa8
30.Qa2 Bb7 31.Qa7 Qd7 32.Qb8+ Nf8 33.Ra1 Rf7 34.Ra7 Qc8 35.Ra8  1-0

[Event "Tbilisi"]
[Site "Tbilisi"]
[Date "1983.??.??"]
[Round "?"]
[White "Foisor, Ovidiu"]
[Black "Adamski, Jan"]
[Result "1/2-1/2"]
[WhiteElo "2460"]
[BlackElo "2450"]

1.d4 Nf6 2.c4 e6 3.Nf3 Bb4+ 4.Nbd2 O-O 5.e3 d5 6.a3 Be7 7.b4 a5 8.b5 c5 9.dxc5 Nbd7
10.Bb2 Nxc5 11.Qc2 b6 12.cxd5 Nxd5 13.Be2 Bb7  1/2-1/2

[Event "Trnava"]
[Site "Trnava"]
[Date "1983.??.??"]
[Round "?"]
[White "Groszpeter, Attila"]
[Black "Knezevic, Milorad"]
[Result "0-1"]
[WhiteElo "2505"]
[BlackElo "2440"]

1.d4 Nf6 2.c4 e6 3.Nf3 Bb4+ 4.Nbd2 b6 5.e3 Bb7 6.Bd3 c5 7.O-O O-O 8.dxc5 Bxc5
9.a3 a5 10.b3 d5 11.Bb2 Nc6 12.Qe2 d4 13.e4 e5 14.Nh4 g6 15.g3 Bc8 16.Ng2 Bh3
17.f3 Re8 18.Rfe1 Nh5 19.Nf1 f5 20.Kh1 f4 21.Bc1 g5 22.Qf2 Ra7 23.g4 Nf6
24.Nd2 h5 25.gxh5 Rh7 26.Rg1 Rxh5 27.Nh4 Kf7 28.Nf5 Reh8 29.b4 axb4 30.axb4 Nxb4
31.Ra7+ Kf8 32.Ra3 Nxd3 33.Rxd3 g4 34.fxg4 Bxg4 35.Rg2 Bxf5 36.exf5 e4 37.Nxe4 Nxe4
38.Qxf4 Nf6 39.Ba3 Qe7 40.Bxc5 bxc5 41.Rd1 Rg8 42.Rxg8+ Kxg8 43.Qg3+ Kh8
44.Rg1 Rxf5 45.Qh3+ Rh5 46.Qg3 Rh7 47.Qb8+ Ne8 48.Qf4 Nd6  0-1

[Event "NOR-ch"]
[Site "Trondheim"]
[Date "1983.??.??"]
[Round "3"]
[White "Stigar, Petter"]
[Black "Agdestein, Espen"]
[Result "1/2-1/2"]
[WhiteElo "2270"]
[BlackElo "2265"]

1.d4 Nf6 2.Nf3 e6 3.c4 Bb4+ 4.Nbd2 b6 5.e3 Bb7 6.Bd3 O-O 7.O-O d6 8.e4 Bxd2
9.Nxd2 e5 10.d5 a5 11.b3 Na6 12.Bb2 Nc5 13.Bc2 Bc8 14.Qe2 Bg4  1/2-1/2

[Event "Vrnjacka Banja"]
[Site "Vrnjacka Banja"]
[Date "1983.??.??"]
[Round "1"]
[White "Schmidt, Wlodzimierz"]
[Black "Paunovic, Dragan"]
[Result "1-0"]
[WhiteElo "2450"]
[BlackElo "2320"]

1.d4 Nf6 2.c4 e6 3.Nf3 Bb4+ 4.Nbd2 O-O 5.e3 b6 6.Be2 Bb7 7.O-O Bxd2 8.Bxd2 Ne4
9.b4 c5 10.bxc5 bxc5 11.Rb1 Qc8 12.Be1 Nc6 13.Qc2 f5 14.dxc5 Nxc5 15.Bc3 d6
16.Ba1 Qe8 17.Rfd1 Rd8 18.Nd2 Ne5 19.Bxe5 dxe5 20.Qc3 e4 21.Nb3 Nxb3 22.axb3 Rxd1+
23.Rxd1 e5 24.c5 f4 25.Bc4+ Kh8 26.Bd5 Bxd5 27.Rxd5 f3 28.Qxe5 Qg6 29.g3 h6
30.Rd6 Rf6 31.Rxf6 gxf6 32.Qb8+ Kg7 33.Qxa7+ Kf8 34.Qb8+ Kf7 35.Qc7+ Kf8
36.Qd8+ Kf7 37.Qd7+ Kf8 38.c6  1-0

[Event "Warsaw"]
[Site "Warsaw"]
[Date "1983.??.??"]
[Round "12"]
[White "Foisor, Ovidiu"]
[Black "Sydor, Andrzej"]
[Result "1/2-1/2"]
[WhiteElo "2430"]
[BlackElo "2405"]

1.d4 Nf6 2.c4 e6 3.Nf3 Bb4+ 4.Nbd2 O-O 5.a3 Bxd2+ 6.Qxd2 d6 7.g3 b6 8.Bg2 Bb7
9.b4 Nbd7 10.O-O Be4 11.Bb2 Qe7 12.Qe3 Rfe8 13.Rfd1 h6 14.Rac1 Rad8 15.Rd2 c6
16.Ne1 Bxg2 17.Nxg2 Rc8 18.Qd3 Red8 19.Ne3 Nf8 20.Rdc2 N8h7 21.d5 c5 22.Rd1 e5
23.Nf5 Qd7 24.e4 Rc7 25.b5 Re8 26.f3 Qd8 27.Rg2 Nf8 28.Bc1 Ng6 29.Qe3 Nh7
30.h4 Ne7 31.g4 Ng6 32.Qe1 Rd7 33.Qg3 Kh8 34.Kh2 Rg8 35.g5 h5 36.Qh3 Ne7
37.Nxe7 Rxe7 38.g6 fxg6 39.Rxg6 Qf8 40.Rxd6 Rf7 41.Rg6 Rxf3 42.Rg3 Rxg3 43.Qxg3 Nf6
44.Rf1 Qe8 45.Rf5 Ng4+ 46.Kg1 g6 47.Rf1 Rf8 48.Bg5 Rxf1+ 49.Kxf1 Kg7 50.Kg2 Qf7
51.a4 Kf8 52.Bd2 Ke7 53.a5 Kd6 54.a6 Kd7 55.Bg5 Qf8 56.Qe1 Kd6 57.Qd2 Qh8  1/2-1/2

[Event "ARM-chJ"]
[Site "Yerevan"]
[Date "1983.??.??"]
[Round "1"]
[White "Dementiev, Oleg I"]
[Black "Toria, Gocha"]
[Result "1-0"]
[WhiteElo "2490"]
[BlackElo "2200"]

1.d4 Nf6 2.c4 e6 3.Nf3 Bb4+ 4.Nbd2 O-O 5.a3 Be7 6.e4 d5 7.e5 Ne4 8.Qc2 f5
9.exf6 Nxf6 10.Bd3 Nc6 11.c5 Qe8 12.O-O Qh5 13.Bb5 Bd7 14.Re1 Rae8 15.Bxc6 bxc6
16.Nf1 Ne4 17.Ng3 Nxg3 18.hxg3 Rxf3 19.gxf3 Qxf3 20.Bf4 Rf8 21.Be5 Bd8 22.a4 Be8
23.Ra3 Qg4 24.Qe2 Qf5 25.Kg2 Bh5 26.f3 Be8 27.Rb3 h5 28.Qd3 Qg5 29.Rb8 Bg6
30.Qe3 Qf5 31.Rc8 Qf7 32.Ra8 h4 33.g4 Kh7 34.Rh1 Kg8 35.a5 a6 36.Qe2 Qe7
37.Rh3 Qg5 38.Rxa6 Qc1 39.Rh1 h3+ 40.Kh2 Qg5 41.Ra8 Qh4 42.Rf1 Qh7 43.Rd1 Qh4
44.a6 Be4 45.Bg3  1-0

[Event "FRG-ch"]
[Site "Bad Neuenahr"]
[Date "1984.??.??"]
[Round "?"]
[White "Pachman, Ludek"]
[Black "Hartmann, Wolfram"]
[Result "1/2-1/2"]
[WhiteElo "2440"]
[BlackElo "2315"]

1.d4 Nf6 2.Nf3 e6 3.c4 Bb4+ 4.Nbd2 c5 5.e3 b6 6.Bd3 Bb7 7.O-O Bxd2 8.Bxd2 Ne4
9.dxc5 bxc5 10.Be1 d6 11.Nd2 Nxd2 12.Bxd2 Nc6 13.Bc3 O-O 14.f4 f5 15.Qe2 Qc7
16.e4 Rae8 17.Rae1 Qd7 18.exf5 exf5 19.Qf2 Qf7 20.Rxe8 Rxe8 21.Rd1 Qh5 22.Re1 Rxe1+
23.Qxe1 Qg6 24.Bf1 Kf8 25.Qd2 Qe6 26.a3 Nb8 27.Qe1 Qxe1 28.Bxe1 Be4 29.b4 Nd7
30.Bf2 Bc2 31.Be3 Ke7 32.Kf2 Nf6 33.Ke1 Ne4 34.Be2 Kd7 35.g4 fxg4 36.Bxg4+ Kc6
37.Bf3 Kb6 38.Bd1 Bd3 39.Be2 Bc2 40.Bg4 a5 41.Bf5 axb4 42.axb4 g6 43.Bxe4  1/2-1/2

[Event "URS-ch sf"]
[Site "Barnaul"]
[Date "1984.??.??"]
[Round "?"]
[White "Ilinsky, Vladimir"]
[Black "Dzuban, Oleg I"]
[Result "1-0"]
[WhiteElo "2200"]
[BlackElo "2415"]

1.d4 Nf6 2.Nf3 e6 3.c4 Bb4+ 4.Nbd2 d5 5.e3 O-O 6.a3 Be7 7.Bd3 b6 8.O-O Bb7
9.b4 Nbd7 10.c5 a5 11.Qc2 bxc5 12.bxc5 Ba6 13.Bxa6 Rxa6 14.a4 e5 15.c6 e4
16.cxd7 exf3 17.Nxf3 Nxd7 18.Ba3 Bd6 19.Rfc1 Rb6 20.Qc3 Qa8 21.Bxd6 cxd6
22.Qc7 Rd8 23.Ne1 Qb8 24.Kf1 h6 25.Nd3 g5 26.Qxb8 Rdxb8 27.Ke2 Kf8 28.h4 Ke7
29.hxg5 hxg5 30.Rc7 R6b7 31.Rac1 Ke6 32.g4 Ke7 33.R1c6 Rxc7 34.Rxc7 Ra8 35.Rb7 Ra6
36.f4 f6 37.fxg5 fxg5 38.Nf2 Kd8 39.Nh3 Kc8 40.Rb1 Nf6  1-0

[Event "URS-ch sf"]
[Site "Barnaul"]
[Date "1984.??.??"]
[Round "?"]
[White "Piesina, Gintautas"]
[Black "Kharitonov, Andrei Y"]
[Result "0-1"]
[WhiteElo "2355"]
[BlackElo "2455"]

1.d4 Nf6 2.c4 e6 3.Nf3 Bb4+ 4.Nbd2 b6 5.e3 Bb7 6.Bd3 O-O 7.O-O c5 8.a3 Bxd2
9.Bxd2 d6 10.b4 Nbd7 11.a4 e5 12.Be2 Rc8 13.bxc5 bxc5 14.d5 Ba6 15.Ne1 Ne4
16.Nc2 Nxd2 17.Qxd2 e4 18.Na3 Ne5 19.Nb5 Ra8 20.Kh1 f5 21.f4 exf3 22.gxf3 f4
23.exf4 Ng6 24.Rg1 Nxf4 25.Rg4 Bxb5 26.axb5 Qf6 27.Re1 Rae8 28.Bf1 Rxe1 29.Qxe1 Nd3
30.Qe3 Ne5 31.Rg2 Qxf3 32.Qxf3 Rxf3 33.Kg1 Ra3 34.Rb2 Kf7 35.b6 axb6 36.Rxb6 Ke7
37.Rb7+ Kf6 38.Rb6 Nf3+ 39.Kf2 Ke5 40.Rb7 Nd4 41.Rxg7 Ra2+ 42.Ke1 Nf3+ 43.Kd1 Rd2+
44.Kc1 Rxh2 45.Be2 Kf6 46.Rg3 Rxe2 47.Rxf3+ Ke5 48.Rh3 Re4 49.Rh5+ Kf4 50.Rh4+ Ke3
51.Rh3+ Kd4 52.Rh6 Kc3 53.Kd1  0-1

[Event "URS-ch sf"]
[Site "Barnaul"]
[Date "1984.??.??"]
[Round "?"]
[White "Dzuban, Oleg I"]
[Black "Rashkovsky, Nukhim N"]
[Result "0-1"]
[WhiteElo "2415"]
[BlackElo "2470"]

1.d4 Nf6 2.Nf3 e6 3.c4 Bb4+ 4.Nbd2 b6 5.a3 Bxd2+ 6.Bxd2 Bb7 7.Bg5 h6 8.Bh4 d6
9.e3 Nbd7 10.Bd3 Qe7 11.b4 a5 12.O-O O-O 13.Qe2 e5 14.Bf5 Rfd8 15.d5 Nf8
16.Nd2 Ng6 17.Bg3 c6 18.e4 Nf4 19.Qe3 g6 20.Bh3 g5 21.Bf5 c5 22.f3 Bc8 23.Bxc8 Rdxc8
24.bxa5 Rxa5 25.Rfb1 Qa7 26.Be1 Ra4 27.h4 Nh7 28.hxg5 hxg5 29.g3 Ng6 30.Qb3 Ra6
31.Nf1 Ra8 32.Ne3 Rxa3 33.Rxa3 Qxa3 34.Qxa3 Rxa3 35.Nf5 g4 36.fxg4 Ng5 37.Nxd6 Ra2
38.Rb3 Nf8 39.Kf1 Nd7 40.Bf2 Nf6 41.Be3 Nf3  0-1

[Event "Belgrade"]
[Site "Belgrade"]
[Date "1984.??.??"]
[Round "?"]
[White "Lukacs, Peter"]
[Black "Farago, Ivan"]
[Result "1/2-1/2"]
[WhiteElo "2470"]
[BlackElo "2525"]

1.d4 Nf6 2.c4 e6 3.Nf3 Bb4+ 4.Nbd2 c5 5.dxc5 Bxc5 6.e3 O-O 7.Be2 b6 8.O-O Bb7
9.b3 Be7 10.Bb2 d6 11.Nd4 a6 12.Bf3 Qc7 13.Rc1 Nbd7 14.Qe2 Rad8 15.Rfd1 Rfe8
16.Bxb7 Qxb7 17.Qf3  1/2-1/2

[Event "Berlin op"]
[Site "Berlin-West"]
[Date "1984.??.??"]
[Round "2"]
[White "Grooten, Herman"]
[Black "Inkiov, Ventzislav"]
[Result "0-1"]
[WhiteElo "2310"]
[BlackElo "2475"]

1.d4 Nf6 2.Nf3 e6 3.c4 Bb4+ 4.Nbd2 d5 5.e3 O-O 6.a3 Be7 7.Bd3 b6 8.Qe2 Bb7
9.e4 dxe4 10.Nxe4 Nc6 11.Be3 Na5 12.Nxf6+ Bxf6 13.Rd1 Qe7 14.h4 g6 15.Ng5 h5
16.Ne4 Bg7 17.Bg5 f6 18.Bd2 Nc6 19.d5 Nd4 20.Bb4 Qxb4+ 21.axb4 Nxe2 22.Bxe2 exd5
23.cxd5 Rfe8 24.Nc3 f5 25.Kf1 a5 26.bxa5 Rxa5 27.Rh3 Be5 28.Re3 Kf8 29.Bb5 Re7
30.Bc6 Bxc6 31.dxc6 Bd6 32.Rxe7 Kxe7 33.b4 Re5 34.f4 Re6 35.g3 Kf7 36.Rd4 Be7
37.Rc4 Bd6 38.Kf2 Re8 39.Nb5 Ke6 40.Rd4 Rd8 41.Ke3 Ke7 42.Kd3 Bxb4 43.Nxc7 Rxd4+
44.Kxd4 Kd6 45.Ne8+ Kxc6 46.Ke5 b5 47.Ke6 Bc3 48.Nd6 b4 49.Nc4 Kb5 50.Nd6+ Ka4
51.Nc4 b3 52.Ne3 Kb4 53.Nd5+ Kc4 54.Nb6+ Kb5 55.Nd5 Bd4  0-1

[Event "Grindavik"]
[Site "Grindavik"]
[Date "1984.??.??"]
[Round "10"]
[White "Olafsson, Helgi"]
[Black "Knezevic, Milorad"]
[Result "1-0"]
[WhiteElo "2445"]
[BlackElo "2450"]

1.d4 Nf6 2.Nf3 e6 3.c4 Bb4+ 4.Nbd2 b6 5.a3 Bxd2+ 6.Bxd2 Bb7 7.Bg5 d6 8.e3 Nbd7
9.Bd3 Qe7 10.O-O h6 11.Bh4 e5 12.Bf5 g5 13.Bg3 Be4 14.Bxe4 Nxe4 15.dxe5 O-O
16.exd6 cxd6 17.Nd4 f5 18.Nc6 Qe6 19.Qd5 Qxd5 20.cxd5 Rfe8 21.Nd4 Rf8 22.f3 Nxg3
23.hxg3 Rac8 24.Rac1 Rce8 25.Kf2 Nc5 26.Rfd1 Rc8 27.Nc6 Rc7 28.b4 Na4 29.Rc2 b5
30.Rdc1 Nb6 31.Nd4 Rxc2+ 32.Rxc2 Nxd5 33.Nxb5 Re8 34.Nxd6 Nxe3 35.Rc8 Rxc8
36.Nxc8 Nc2 37.Nxa7 Nxa3 38.b5 Nc4 39.Ke2 Kf7 40.Kd3 Nb6 41.Kd4 Ke6 42.Nc6 Nd7
43.Na5 h5 44.Nc4 h4 45.gxh4 gxh4 46.b6 Nb8 47.f4 Nc6+ 48.Kc5 Nd8 49.Ne5 Nb7+
50.Kc6 Na5+ 51.Kc7 Kd5 52.b7 Nxb7 53.Kxb7 Ke4 54.Ng6 Ke3 55.Kc6 Kf2 56.Nxh4  1-0

[Event "White Knights"]
[Site "Leningrad"]
[Date "1984.??.??"]
[Round "?"]
[White "Cherepkov, Alexander V"]
[Black "Taimanov, Mark E"]
[Result "1/2-1/2"]
[WhiteElo "2425"]
[BlackElo "2515"]

1.d4 Nf6 2.c4 e6 3.Nf3 Bb4+ 4.Nbd2 d6 5.a3 Bxd2+ 6.Bxd2 Nbd7 7.Qc2 Qe7 8.Bg5 e5
9.e3 a5 10.Be2 a4 11.O-O O-O 12.Rae1 Re8 13.Nd2 h6 14.Bh4 Nf8 15.d5 Ng6 16.Bg3 c6
17.Ne4 Nxe4 18.Qxe4 c5 19.Bh5 Qg5 20.Bxg6 f5 21.Qb1 Qxg6 22.b4 axb3 23.Qxb3 Qf7
24.f4 e4 25.a4 Qc7 26.Ra1  1/2-1/2

[Event "London P&D Knights"]
[Site "London"]
[Date "1984.??.??"]
[Round "14"]
[White "Crouch, Colin S"]
[Black "Littlewood, Paul E"]
[Result "0-1"]
[WhiteElo "2300"]
[BlackElo "2435"]

1.d4 Nf6 2.c4 e6 3.Nf3 Bb4+ 4.Nbd2 b6 5.e3 Bb7 6.Bd3 c5 7.O-O O-O 8.Qe2 cxd4
9.exd4 d5 10.a3 Bxd2 11.Bxd2 dxc4 12.Bxc4 Nc6 13.Be3 Rc8 14.b4 Nd5 15.Rac1 a5
16.b5 Nce7 17.Ne5 Qd6 18.Qb2 Rc7 19.Ba2 Rfc8 20.Nc4 Qd8 21.Bd2 Nf5 22.Ne3 Nde7
23.Rxc7 Rxc7 24.Nxf5 Nxf5 25.Bf4 Rd7 26.Be5 Nxd4 27.f4 Nf5 28.Bc3 Ne3 29.Bxg7 Rd2  0-1

[Event "Moscow-ch"]
[Site "Moscow"]
[Date "1984.??.??"]
[Round "?"]
[White "Vyzmanavin, Alexey"]
[Black "Rashkovsky, Nukhim N"]
[Result "1-0"]
[WhiteElo "2470"]
[BlackElo "2470"]

1.d4 Nf6 2.c4 e6 3.Nf3 Bb4+ 4.Nbd2 d5 5.Qa4+ Nc6 6.a3 Be7 7.e3 O-O 8.Qc2 a5
9.b3 Bd7 10.Bd3 a4 11.b4 dxc4 12.Nxc4 Bxb4+ 13.axb4 Nxb4 14.Qb1 Nxd3+ 15.Qxd3 Bb5
16.Ba3 Qd5 17.Rc1 Rfb8 18.O-O Ba6 19.Bb4 c5 20.Bxc5 Nd7 21.Rfd1 Rc8 22.e4 Qh5
23.e5 h6 24.Qa3 Bxc4 25.Rxc4 Nb6 26.Rb4 Nd5 27.Rxb7 Rcb8 28.Rdb1 Rxb7 29.Rxb7 Nf4
30.g3 Qg4 31.Rb2 g5 32.Kf1 Qh3+ 33.Ke1 Nd5 34.Nd2 Qxh2 35.Qf3 Qg1+ 36.Nf1 a3
37.Bxa3 Ne7 38.Qxa8+  1-0

[Event "Naleczow"]
[Site "Naleczow"]
[Date "1984.??.??"]
[Round "?"]
[White "Yuferov, Sergey  N"]
[Black "Spiridonov, Nikola"]
[Result "1/2-1/2"]
[WhiteElo "2430"]
[BlackElo "2415"]

1.d4 Nf6 2.c4 e6 3.Nf3 Bb4+ 4.Nbd2 d5 5.a3 Be7 6.g3 b6 7.Bg2 Bb7 8.O-O O-O
9.cxd5 Nxd5 10.e4 Nf6 11.Qc2 c5 12.e5 Nd5 13.dxc5 Bxc5 14.Ne4 Be7 15.Neg5 g6
16.Qe4 Kg7 17.Qh4 h5 18.Nd4 Qd7 19.Rd1 Nc6 20.Nf5+ exf5 21.Rxd5 Qc7 22.Bf4 Rad8
23.e6 Qc8 24.exf7 Rxf7 25.Rc1 Bf6 26.Rxd8 Bxd8 27.Bxc6 Bxc6 28.Be5+ Kg8 29.Qc4 Bxg5
30.Qxc6 Qxc6 31.Rxc6 Kh7 32.Rc8 Bf6 33.Bxf6 Rxf6 34.Rc7+ Kh6 35.Rxa7 f4 36.gxf4 Rxf4
37.Rb7 Rf6 38.f4 g5 39.fxg5+ Kxg5 40.Kg2 Rd6 41.Rg7+ Kf6 42.Rg3  1/2-1/2

[Event "Neskaupstad"]
[Site "Neskaupstad"]
[Date "1984.??.??"]
[Round "?"]
[White "Petursson, Margeir"]
[Black "Knezevic, Milorad"]
[Result "1/2-1/2"]
[WhiteElo "2465"]
[BlackElo "2450"]

1.d4 Nf6 2.c4 e6 3.Nf3 Bb4+ 4.Nbd2 d5 5.g3 O-O 6.Bg2 b6 7.O-O Bb7 8.Qc2 Nbd7
9.cxd5 exd5 10.Ne5 Nxe5 11.dxe5 Nd7 12.Nf3 Re8 13.Bf4 Nf8 14.Rfd1 Ng6 15.e4 c6
16.exd5 cxd5 17.Qf5 Qc8 18.Qh5 Nxf4 19.gxf4 g6 20.Qh4 Be7 21.Qg3 Bc5 22.Rac1 Qd7
23.Ng5 d4 24.Bxb7 Qxb7 25.h4 Rad8 26.h5 h6 27.Nf3 Kh7 28.hxg6+ fxg6 29.Rd3 Qf7
30.Re1 Qxa2 31.Kg2 Qe6 32.Rh1 Qf5 33.Ng5+ Kg7 34.Rxh6 Rh8 35.Rxh8 Rxh8 36.Qf3 Rd8
37.b4 Be7 38.Ne4 Rf8 39.Rxd4 Qxf4 40.Qxf4 Rxf4 41.Kg3  1/2-1/2

[Event "Neskaupstad"]
[Site "Neskaupstad"]
[Date "1984.??.??"]
[Round "?"]
[White "Olafsson, Helgi"]
[Black "Hansson, Dan"]
[Result "1-0"]
[WhiteElo "2445"]
[BlackElo "2320"]

1.d4 Nf6 2.c4 e6 3.Nf3 Bb4+ 4.Nbd2 O-O 5.a3 Bxd2+ 6.Bxd2 d6 7.Bg5 Nbd7 8.e3 b6
9.Bd3 Bb7 10.O-O c5 11.Re1 h6 12.Bf4 Qe7 13.dxc5 e5 14.cxd6 Qe6 15.Bg3 Rad8
16.b4 Ne8 17.Rc1 Qxd6 18.Qc2 Bxf3 19.gxf3 Qf6 20.c5 bxc5 21.bxc5 h5 22.c6 Nb8
23.Bh7+ Kh8 24.Be4 h4 25.Qc5 Nd6 26.Bxe5 Qg5+ 27.Kh1 Nxe4 28.fxe4 Qg4 29.Bxg7+ Kg8
30.Qf5 Qxf5 31.exf5 Kxg7 32.c7 Rc8 33.cxb8=Q Rxb8 34.Rc6 Rb6 35.Rg1+ Kh7
36.Rc4 Rh6 37.Ra4 a6 38.h3 Rc8 39.Rgg4 Rc1+ 40.Kg2 Rc5 41.Raf4 Ra5 42.a4 Rh5
43.Rxh4 Rxf5 44.Rxh5+ Rxh5 45.Rxf7+ Kg6 46.Rf4  1-0

[Event "Pernik"]
[Site "Pernik"]
[Date "1984.??.??"]
[Round "6"]
[White "Peev, Peicho Chonev"]
[Black "Spiridonov, Nikola"]
[Result "0-1"]
[WhiteElo "2405"]
[BlackElo "2455"]

1.d4 Nf6 2.c4 e6 3.Nf3 Bb4+ 4.Nbd2 d5 5.e3 O-O 6.a3 Be7 7.Qc2 b6 8.b4 c5
9.b5 Bb7 10.Bb2 Nbd7 11.Be2 Rc8 12.O-O Rc7 13.a4 cxd4 14.exd4 dxc4 15.Bxc4 Qa8
16.Qb3 Ne4 17.Nxe4 Bxe4 18.Rfc1 Rfc8 19.Bf1 Bc2 20.Qe3 Qe4 21.Nd2 Qf5 22.Be2 Nf6
23.Qe5 Qxe5 24.dxe5 Nd5 25.g3 Bg5 26.f4 Nxf4 27.gxf4 Bxf4 28.Nf1 Bxc1 29.Bxc1 Bd1
30.Bxd1 Rxc1 31.Rxc1 Rxc1 32.Ne3 Rc5 33.Kf2 Rxe5 34.Nc4 Rc5 35.Be2 f5 36.Ke3 Kf7
37.Kd4 Kf6 38.Kc3 e5 39.Kb4 Rc7 40.a5 bxa5+ 41.Nxa5 e4 42.Bc4 f4  0-1

[Event "Plovdiv"]
[Site "Plovdiv"]
[Date "1984.??.??"]
[Round "11"]
[White "Peev, Peicho Chonev"]
[Black "Rivas Pastor, Manuel"]
[Result "0-1"]
[WhiteElo "2405"]
[BlackElo "2500"]

1.d4 Nf6 2.c4 e6 3.Nf3 Bb4+ 4.Nbd2 b6 5.g3 Bb7 6.Bg2 c5 7.dxc5 Bxc5 8.O-O O-O
9.a3 a5 10.Nb3 a4 11.Nxc5 bxc5 12.Bf4 d5 13.Ne5 Nbd7 14.cxd5 exd5 15.Nc4 Ra6
16.Ne3 Qa8 17.Rc1 d4 18.Bxb7 Qxb7 19.Nc4 Nd5 20.Bd2 N5b6 21.Bf4 Nxc4 22.Rxc4 Qxb2
23.Rxa4 Re6 24.Ra7 Nf6 25.Qc1 Qb6 26.Ra4 Ne4 27.Rc4 Nc3 28.Rxc3 dxc3 29.Qxc3 Rc8
30.Be3 Qa6 31.Qd3 Qxd3 32.exd3 Ra6 33.Ra1 Ra4 34.Kf1 Kf8 35.Rc1 c4 36.Rc3 Ke7
37.h4 Ke6 38.Kg2 g6 39.Bh6 f6 40.dxc4 Raxc4 41.Rxc4 Rxc4 42.Bd2 Rd4 43.Bb4 Rd3
44.Bc5 Kf5 45.a4 Rc3 46.Bb6 Ra3 47.a5 Ke4 48.Bd8 f5 49.Bc7 Ra2 50.Bb6 f4
51.g4 h5 52.gxh5 gxh5 53.Bd8 Kf5 54.Kf3 Ra3+ 55.Ke2 Kg4 56.Ke1 Ra1+ 57.Kd2 Ra2+
58.Kd1 f3  0-1

[Event "Reykjavik"]
[Site "Reykjavik"]
[Date "1984.??.??"]
[Round "?"]
[White "Knezevic, Milorad"]
[Black "Olafsson, Helgi"]
[Result "1/2-1/2"]
[WhiteElo "2450"]
[BlackElo "2445"]

1.d4 Nf6 2.c4 e6 3.Nf3 Bb4+ 4.Nbd2 b6 5.e3 Bb7 6.Bd3 c5 7.dxc5 Bxc5 8.O-O O-O
9.a3 Be7 10.b3 d6 11.Bb2 Nbd7 12.Nd4 Rc8  1/2-1/2

[Event "Kamen Piskov mem 4"]
[Site "Ruse"]
[Date "1984.??.??"]
[Round "12"]
[White "Komljenovic, Davor"]
[Black "Sydor, Andrzej"]
[Result "1-0"]
[WhiteElo "2395"]
[BlackElo "2395"]

1.d4 Nf6 2.c4 e6 3.Nf3 Bb4+ 4.Nbd2 b6 5.g3 Ba6 6.Qc2 c5 7.Bg2 Nc6 8.d5 exd5
9.cxd5 Nxd5 10.O-O Bxd2 11.Bxd2 Nde7 12.Bc3 f6 13.Rfd1 Qc7 14.b4 d6 15.bxc5 bxc5
16.Ne1 O-O 17.Nd3 Ng6 18.h4 Rae8 19.h5 Nge5 20.Nf4 Bc8 21.Rd2 Kh8 22.h6 gxh6
23.Rad1 Rd8 24.Qe4 Ne7 25.Nh5 d5 26.Qa4 Bd7 27.Qa5 Qxa5 28.Bxa5 Rb8 29.Bxd5 Ba4
30.Rc1 Rb5 31.Bc3 c4 32.Nxf6 Rxf6 33.Bxe5 Nxd5 34.Rxc4 Rb1+ 35.Kg2 Rd1 36.Rxd5  1-0

[Event "Kamen Piskov mem 4"]
[Site "Ruse"]
[Date "1984.??.??"]
[Round "12"]
[White "Bitman, Alexander R"]
[Black "Orev, Petar"]
[Result "0-1"]
[WhiteElo "2365"]
[BlackElo "2325"]

1.Nf3 Nf6 2.d4 e6 3.c4 Bb4+ 4.Nbd2 Nc6 5.g3 d5 6.cxd5 exd5 7.Bg2 O-O 8.O-O Re8
9.Nb3 a5 10.a3 Bd6 11.Bd2 a4 12.Nc1 Bg4 13.Be3 Na5 14.Nd3 Ne4 15.Bg5 h6 16.Bf4 Bxf3
17.Bxf3 Nc4 18.Qc2 Bxf4 19.Nxf4 c6 20.Bxe4 Rxe4 21.e3 Qa5 22.Rad1 Ra6 23.Nd3 Re7
24.Rfe1 Ra8 25.Re2 Rae8 26.Rde1 b5 27.Nc5 Qd8 28.Qc3 Qd6 29.Qc2 Qf6 30.Kg2 g6
31.h4 Kg7 32.Nd3 g5 33.hxg5 hxg5 34.Rh1 Rh8 35.Rxh8 Kxh8 36.Ne1 Kg7 37.Nf3 Re8
38.Qc1 Rh8 39.e4 dxe4 40.Rxe4 Qf5 41.Qxg5+ Qxg5 42.Nxg5 Nxb2 43.Rf4 f6 44.Ne4 Nc4
45.Rf3 Rd8 46.Rd3 f5 47.Nc5 Kf6 48.f4 Re8 49.Kf2 Ke7 50.d5 Rd8 51.dxc6 Rxd3
52.c7 Rd8 53.cxd8=Q+ Kxd8 54.Ke2 Nxa3 55.Kd3 Nc4 56.Ne6+ Kd7 57.Nc5+ Kd6
58.Na6 Nb6 59.Kd4 Nd5 60.Nc5 Nf6 61.Nd3 Nh5 62.Kc3 Nxg3 63.Kb4 Kc6 64.Ne5+ Kb6
65.Nd7+ Kc7 66.Ne5 Ne2 67.Nd3 Kb6 68.Ka3 Ka5 69.Nb4 Nd4 70.Nd5 b4+ 71.Ka2 Kb5
72.Ne3 a3  0-1

[Event "Tatran Cup"]
[Site "Stary Smokovec"]
[Date "1984.??.??"]
[Round "5"]
[White "Chernin, Alexander"]
[Black "Stohl, Igor"]
[Result "1/2-1/2"]
[WhiteElo "2475"]
[BlackElo "2455"]

1.d4 Nf6 2.c4 e6 3.Nf3 Bb4+ 4.Nbd2 c5 5.e3 b6 6.Be2 Bb7 7.O-O cxd4 8.exd4 O-O
9.a3 Be7 10.b4 a5 11.b5 d5 12.Bb2 Nbd7 13.Re1  1/2-1/2

[Event "Tatran Cup"]
[Site "Stary Smokovec"]
[Date "1984.??.??"]
[Round "6"]
[White "Stohl, Igor"]
[Black "Knezevic, Milorad"]
[Result "1/2-1/2"]
[WhiteElo "2455"]
[BlackElo "2415"]

1.d4 Nf6 2.c4 e6 3.Nf3 Bb4+ 4.Nbd2 b6 5.a3 Bxd2+ 6.Bxd2 Bb7 7.Bg5 h6 8.Bh4 d6
9.e3 Nbd7 10.Bd3 g5 11.Bg3 h5  1/2-1/2

[Event "CSR-ch"]
[Site "Sumperk"]
[Date "1984.??.??"]
[Round "10"]
[White "Priehoda, Vitezslav"]
[Black "Mokry, Karel"]
[Result "1/2-1/2"]
[WhiteElo "2275"]
[BlackElo "2435"]

1.d4 Nf6 2.c4 e6 3.Nf3 Bb4+ 4.Nbd2 d5 5.a3 Be7 6.g3 O-O 7.Bg2 b6 8.O-O c5
9.b3 Bb7 10.Bb2 Nbd7 11.e3 Rc8 12.cxd5 exd5 13.Qe2 Re8 14.Rfc1 Bd6 15.a4 Ne4
16.Nxe4 dxe4 17.Nd2 cxd4 18.Bxd4 Rxc1+ 19.Rxc1 Qe7 20.Nc4 Bb8 21.Qb2 Nc5
22.Qc3 Nd3 23.Rd1 f6 24.a5 b5 25.Nb2 Rc8 26.Qd2 Nb4 27.Rc1 Rd8 28.Qe2 a6
29.Bb6 Rc8 30.Rxc8+ Bxc8 31.Qd2 Bb7 32.Bh3 Qd6 33.Qc1 Nd3 34.Qd2 Qb4 35.Be6+ Kh8
36.Qxb4 Nxb4 37.Bc5 Nc6 38.b4 Be5 39.Nd1 g6 40.Kf1 Kg7 41.Ke2 f5 42.Kd2  1/2-1/2